System concepts for affordable fission surface power /

Bibliographic Details
Main Author: Mason, Lee
Corporate Authors: NASA Glenn Research Center, Space Technology & Applications International Forum
Other Authors: Poston, David, Qualls, Louis
Format: Government Document Conference Proceeding eBook
Language:English
Published: Cleveland, Ohio : National Aeronautics and Space Administration, Glenn Research Center, [2008]
Series:NASA technical memorandum ; 215166.
Subjects:
Online Access:https://purl.fdlp.gov/GPO/LPS126471

MARC

Tag First Indicator Second Indicator Subfields
LEADER 00000cam a2200000Ia 4500
001 in00002645921
005 20211202194205.0
006 m d f
007 cr mn|||||||||
008 100930s2008 ohua obt f000 0 eng d
035 |a (OCoLC)ocn667224848 
040 |a GPO  |c GPO  |d MvI  |d UtOrBLW 
049 |a WWW 
074 |a 0830-D (online) 
086 0 |a NAS 1.15:2008-215166 
100 1 |a Mason, Lee. 
245 1 0 |a System concepts for affordable fission surface power /  |c Lee Mason, David Poston, Louis Qualls ; prepared for the Space Technology and Applications International Forum (STAIF-2008) sponsored by the Institute for Space and Nuclear Power Studies at the University of New Mexico, Albuquerque, New Mexico, February 10-14, 2008. 
264 1 |a Cleveland, Ohio :  |b National Aeronautics and Space Administration, Glenn Research Center,  |c [2008] 
300 |a 1 online resource (11 pages) :  |b illustrations 
336 |a text  |b txt  |2 rdacontent 
337 |a computer  |b c  |2 rdamedia 
338 |a online resource  |b cr  |2 rdacarrier 
490 1 |a NASA/TM ;  |v 2008-215166 
500 |a Title from title screen (viewed on Sept. 30, 2010). 
500 |a "January 2008." 
504 |a Includes bibliographical references (page 11). 
536 |d WBS 463169.02.03.01.01 
500 |a Electronic resource. 
650 7 |a High voltages.  |2 nasat 
650 7 |a Transmission lines.  |2 nasat 
650 7 |a Simulation.  |2 nasat 
650 7 |a Electric power.  |2 nasat 
650 7 |a AC generators.  |2 nasat 
700 1 |a Poston, David. 
700 1 |a Qualls, Louis. 
710 2 |a NASA Glenn Research Center. 
711 2 |a Space Technology & Applications International Forum  |d (2008 :  |c Albuquerque, N.M.) 
830 0 |a NASA technical memorandum ;  |v 215166. 
856 4 0 |u https://purl.fdlp.gov/GPO/LPS126471  |t 0 
999 |a MARS 
999 f f |s b517a247-4b7a-3a1b-87e3-64dd5ad80e0d  |i e04001f3-5c7d-3e05-a1b5-af0df38468e7  |t 0 
952 f f |a Texas A&M University  |b College Station  |c Electronic Resources  |d Available Online  |t 0  |e NAS 1.15:2008-215166  |h Superintendent of Documents classification 
998 f f |a NAS 1.15:2008-215166  |t 0  |l Available Online